=LDR 00000nam 2200000 4500 =001 INLIS000000000000472 =005 20171209124940 =035 ##$$a 0010-061300000000472 =008 171209###########################0###### =041 ##$$a Ind =082 ##$$a 301 =090 ##$$a 301 Abd s =100 ##$$a Abdulsyani =245 1#$$a Sosiologi skematika, teori dan terapan /$c / Abdulsyani =260 ##$$a Jakarta :$b Bumi Aksara,$c 1994 =300 ##$$a xiii, 215 hlm : $b ilus ; $c 22 cm =650 ##$$a Sosiologi =850 ##$$a NBPNMAT =020 ##$$a 979-526-179-7 =084 ##$$a 301 Abd s =990 ##$$a 20610256 =990 ##$$a 20610259 =990 ##$$a 21004311 =990 ##$$a 21004312 =990 ##$$a 21004313 =990 ##$$a DW99000744 =990 ##$$a DW99000745 =990 ##$$a 00050334 =990 ##$$a 00050642 =990 ##$$a 0001/BPAP-NTB/20142015 =990 ##$$a 0001/BPAP-NTB/2015 =990 ##$$a 21004311 =990 ##$$a 20610256 =990 ##$$a 20610259 =990 ##$$a 21004312 =990 ##$$a 21004313 =990 ##$$a DW99000744 =990 ##$$a DW99000745 =990 ##$$a 00050334 =990 ##$$a 00050642 =990 ##$$a 0001/BPAP-NTB/20142015 =990 ##$$a 0001/BPAP-NTB/2015